Katalog faktografičeskich baz dannych, sozdannych v stranach-členach MCNTI
Na minha lista:
| Formato: | Livro |
|---|---|
| Idioma: | russo |
| Publicado em: |
Moskva
Mežd. centr. nauč. i techn. inf.
1989
|
| Edição: | 1. izd. |
| Tags: |
Sem tags, seja o primeiro a adicionar uma tag!
|
MARC
| LEADER | 00000nam a2200000 4500 | ||
|---|---|---|---|
| 001 | c039939 | ||
| 005 | 20221215133857.4 | ||
| 041 | 0 | |a rus | |
| 044 | |a RU | ||
| 245 | 1 | 0 | |a Katalog faktografičeskich baz dannych, sozdannych v stranach-členach MCNTI |
| 250 | |a 1. izd. | ||
| 264 | 1 | |a Moskva |b Mežd. centr. nauč. i techn. inf. |c 1989 | |
| 300 | |a 91 s. | ||